000 01019nam2a22002411 4500
001 RU\NLR\INFOCOMM15\1000092478
005 20250617043704.0
035 _a(NLR Aleph) 002453208
090 _a2183052
_c2183052
100 _a20040315d1989 |||y0rusy50 ca
101 0 _arus
102 _aRU
105 _ay |||||||||
200 1 _aГазовый разряд и волноводные молекулярные лазеры
210 _d1989
_aБ. м.
461 0 _1001RU\NLR\INFOCOMM15\1000092461
_12001#$aТруды Института общей физики$fАН СССР. Ин-т общ. физики$vТ.17
_92182897
_aИнститут общей физики им. А. М. Прохорова (Москва)
_cМ.
_d1986-
_fАН СССР. Ин-т общ. физики
_nНаука
_tТруды Института общей физики
_x0233-9390
_vТ.17
801 1 _aRU
_bInfoComm
_c20040315
801 0 _aRU
_bNLR
_gPSBO
852 _aNLR
_jП7/2089
942 _cISSUE
980 _aNB
980 _aRUSPER